[Event "AUT-ch U16/18 Girls"]
[Site "Tschagguns"]
[Date "2006.04.13"]
[Round "7.9"]
[White "Berghofer, Anja"]
[Black "Sun, Zhongwei"]
[Result "1/2-1/2"]
[WhiteElo "1589"]
[BlackElo "1446"]
[PlyCount "42"]
[EventDate "2006.04.09"]
[EventType "swiss"]
[EventRounds "7"]
[EventCountry "AUT"]
[SourceTitle "EXT 2024"]
[Source "ChessBase"]
[SourceDate "2023.10.10"]
[SourceVersion "1"]
[SourceVersionDate "2023.10.10"]
[SourceQuality "1"]

1. e4 e5 2. Nf3 Nc6 3. d4 exd4 4. Nxd4 Bc5 5. Nxc6 bxc6 6. Bc4 Qf6 7. 0-0 Ne7 8. Nc3 0-0 9. Bd2 Bb7 10. Na4 Bb6 11. Nxb6 cxb6 12. Bc3 Qg5 13. Qxd7 Bc8 14. Qd3 Be6 15. f4 Qc5+ 16. Kh1 Qxc4 17. Qg3 g6 18. Bf6 Rfe8 19. Qg5 Qxe4 20. Bxe7 Qxc2 21. Rac1 Qxb2 1/2-1/2